000 00652nam a2200205 u 4500
005 20230201063545.0
008 150923s1989 mx r 000 0 spa d
020 _a8476682824
035 _aUPN01000205929
049 _aCG
050 4 _aD16.2
_bE5.7a
245 0 0 _aEnseñar historia :
_bnuevas propuestas /
_ced. Julio Rodríguez Frutos ; Julio Aróstegui Sánchez ... [et. al.].
260 _aBarcelona, Esp. :
_bLaia,
_c1989.
300 _a201 p. :
_bil.
650 4 _aHistoria
_xEstudio y enseñanza
_96447
700 1 _aRodríguez Frutos, Julio,
_eed.
700 1 _aAróstegui Sánchez, Julio,
_ecoaut.
905 _aLibro
999 _c178030
_d178030